[Event "Superbet Chess Classic 2022"]
[Site "Chess.com"]
[Date "2022.05.14"]
[Round "9"]
[White "Firouzja, Alireza"]
[Black "Vachier Lagrave, Maxime"]
[Result "0-1"]
[WhiteElo "2804"]
[BlackElo "2750"]
[EventDate "2022.??.??"]
[Annotator "Bojkov,Dejan"]
[PlyCount "148"]
[Beauty "5639292075015"]
[EventType "schev"]
[EventRounds "3"]
[EventCountry "ROU"]

1.d4 Nf6 2.c4 g6 3.Nf3 Bg7 4.g3 c6 5.Bg2 d5 6.O-O O-O 7.Ne5 {This line should not have come as a surprise for Vachier-Lagrave as Firouzja is the driving force behind this interesting concept.} 7...dxc4 ( {Instead Aronian defended with} 7...Ng4 8.cxd5 cxd5 9.Bf4 Nxe5 10.Bxe5 Nc6 11.Bxg7 Kxg7 12.Nc3 e6 13.Qd2 b6 14.Rad1 Bb7 {Firouzja,A (2728)-Aronian,L (2767) Stavanger 2020} ) 8.Nxc4 Be6 9.b3 ( {The retreat back in the center:} 9.Ne5 {did not yield White much after} 9...Qc8 10.Nc3 Rd8 11.e3 c5 12.Qa4 Nbd7 13.Nxd7 Rxd7 14.Rd1 Nd5 15.Nxd5 Bxd5 16.dxc5 Bc6 17.Qc2 Rxd1+ 18.Qxd1 Bxg2 19.Kxg2 Qxc5 {and Black was definitely in charge in Van Foreest,J (2671)-Salgado Lopez, I (2593) Los Cancajos 2020} ) 9...Bd5 10.Bb2 Nbd7 $5 {The second main move in the position, although there are only a handful of games anyway.} ( {The main path is} 10...Bxg2 11.Kxg2 Nbd7 12.Nbd2 Nb6 13.e3 Qd7 14.Rc1 Nbd5 15.a3 Rad8 16.Qf3 Qe6 17.b4 Rc8 18.h3 Rfd8 {as in Nielsen,P (2628) -Radjabov,T (2670) Tripoli 2004} ) 11.Nc3 Bxg2 12.Kxg2 b5 $146 {A novelty, and a good one $1 Vachier-Lagrave is about to free himself in full.} ( {The predecessor was a game between two amateur players:} 12...Nb6 13.e4 Qc7 14.Qe2 Rfd8 15.Rfd1 Nfd7 16.Rac1 Nxc4 17.bxc4 Qb6 18.f4 Nf8 19.d5 cxd5 20.cxd5 Rac8 {and probably neither Firouzja nor Vachier-Lagrave were aware that Bodyagin,A (1942)-Erastov,S (1692) Nizhnij Novgorod 2015 first played this.} ) 13.Nd2 ( 13.Ne5 Nxe5 14.dxe5 Ng4 {cannot be recommended for White.} ) 13...e5 {The point $1 Black clears the most annoying white central pawn and modifies the pawn structure in his favor.} 14.dxe5 Nxe5 15.Nde4 Neg4 $1 {Also a good choice. Black generally wants to trade pieces but wants to trade them on his own terms.} 16.Nxf6+ Nxf6 17.Qc2 ( {The queen swap is generally desirable for Black as he possesses the pawn structure for the endgame.} 17.Qxd8 Rfxd8 18.Rfd1 Ne4 {and this looks excellent for Black.} ) 17...Qe7 {Not letting e2-e4. Perhaps Firouzja should have played it earlier when he had a chance $2 On move one $2} 18.Rfe1 Qc5 {Same policy.} ( {Instead} 18...Rac8 {looks interesting for White.} 19.e4 ) ( {Although the machine says Black can do} 18...Nd7 19.e4 Rfd8 ) 19.Rac1 ( {Not} 19.e4 $4 b4 ) 19...Rfe8 20.Nd1 {A tough decision. Firouzja took it after some thought.} ( {There was the tricky idea} 20.e4 b4 21.Nd5 $5 {when the massive trades} 21...Qxc2 22.Nxf6+ Bxf6 23.Rxc2 Bxb2 24.Rxb2 a5 {seemingly lead to a drawish rook endgame.} ) 20...Qxc2 21.Rxc2 Re6 {Black does not have any problems. In fact, he is already pressing.} 22.Ne3 Rd8 23.Nf1 {Very artificial.} ( {Safer seems} 23.Rec1 Nd5 24.Nxd5 Rxd5 25.Bxg7 Kxg7 {and, as before, the rook endgame should be equal.} ) 23...Nd5 24.Bxg7 Kxg7 25.a3 a5 26.Nd2 b4 $1 {Vachier-Lagrave goes for the full point. The c3-outpost is definitely more valuable than the c4-one, and there is something more to it.} ( {Nothing yields} 26...Nc3 27.Nb1 ) 27.a4 Re3 $1 {A beautiful transition $1 As we shall see, this is more a courageous decision than objectively a good one.} ( {The obvious} 27...Nc3 28.Nb1 Nxb1 29.Rxb1 {would have been again even. For instance} 29...c5 30.Kf3 c4 31.Rxc4 Rd2 32.e3 g5 {leads to a position with full compensation for the pawn for Black.} ) 28.Rxc6 {Almost an instant recapture, but perhaps Firouzja needed to take some time on the clock and relax a bit before executing it.} ( {For there was a cooler and better solution} 28.Rb2 $3 {suddenly forces the black rook to retreat as} 28...Rc3 ( {And} 28...Re7 29.Nc4 {is not something Black would be happy to play.} ) 29.Ne4 {suddenly traps the shameless rooky.} ) 28...Rc3 29.Nc4 ( {White avoids} 29.Rxc3 bxc3 30.Nc4 c2 31.Rc1 Nb4 32.Ne3 {when his pieces are paralyzed. It could well end up forcing a win for the second player. But the machine says all is in order actually.} ) 29...Rxb3 30.e4 {Firouzja also wants the full point $1} ( {Otherwise, he would have rather forced a draw with} 30.Nxa5 Ra3 31.Nb7 Rb8 32.Nc5 b3 33.Rb1 b2 34.Nd3 Nb4 35.Nxb4 Rxb4 36.Rc2 ) 30...Re8 31.Nd6 Re6 32.Rd1 Nf6 33.e5 {That is already a mistake.} ( {White should have taken the square away from the knight first with} 33.Rd4 $1 {For example} 33...Rb2 ( {Or the more entertaining} 33...Ng4 34.Rc7 Ne5 35.Nxf7 Nxf7 36.Rdd7 Rf6 37.e5 Rf5 38.e6 Rbf3 {with equality after} 39.Rc2 ( {Or} 39.Rd2 ) ) 34.e5 Nd7 35.Nf5+ gxf5 36.Rxe6 fxe6 37.Rxd7+ Kg6 38.Ra7 Ra2 39.Rxa5 f4 {which should be still equal.} ) 33...Ng4 $1 {The central pawn cannot be defended.} 34.Rc7 Nxe5 35.f4 Rd3 $1 {Another key move for Vachier-Lagrave. Without the second pair of rooks, his king will be safe and the outside passer will become the key factor.} 36.Rxd3 Nxd3 37.Rxf7+ Kg8 38.Rd7 b3 39.Rd8+ Kg7 40.Rd7+ Kf8 ( {But not} 40...Kh6 $4 41.Nf7+ Kh5 42.Rd5+ ) 41.Nc4 b2 {Winning the knight and the game $1} ( {Vachier-Lagrave correctly avoids} 41...Nc5 42.Rd8+ Kg7 43.Rb8 Re2+ 44.Kh3 Rc2 45.Na3 Ra2 46.Nb1 Rxa4 47.Rb5 {when White should be able to survive.} ) 42.Nxb2 ( {Alas, Firouzja cannot stop the pawn with} 42.Rb7 Re2+ 43.Kf3 Rf2+ 44.Ke3 Nb4 $1 ) 42...Nxb2 43.Ra7 Nxa4 44.Rxa5 Nb6 {White can trade one more set of pawns, but that would be it.} 45.g4 Nd7 46.Kg3 ( {Or} 46.f5 Re5 47.Ra7 Rd5 48.fxg6 hxg6 ) 46...Re3+ 47.Kh4 Nf6 ( {Even easier would have been} 47...Kg7 48.f5 Ne5 49.Ra7+ Nf7 ) 48.Ra8+ Kf7 49.Ra7+ Re7 50.Ra5 Ne4 {Vachier-Lagrave consolidates his position and confidently converts the advantage.} 51.f5 Rd7 52.fxg6+ hxg6 53.Ra4 Re7 54.Ra5 Kf6 55.g5+ Kf7 56.Kg4 Nd6 57.Ra4 Nf5 58.h4 Ng7 59.Kf3 Nh5 60.Rb4 Rd7 61.Kg4 Rd6 62.Re4 Rd1 63.Ra4 Ke6 64.Ra6+ Rd6 65.Ra4 Ke5 66.Ra3 Rd4+ 67.Kh3 Kf5 68.Ra5+ Ke4 69.Kg4 Ke3+ 70.Kh3 Re4 71.Ra1 Kf2 72.Ra2+ Kf3 73.Ra3+ Re3 74.Ra4 Nf4+ {PLAY CHESS, NOT WAR.} 0-1

[Event "Superbet Rapid & Blitz Poland 2022 | Gr"]
[Site "Chess.com"]
[Date "2022.05.20"]
[Round "5"]
[White "Aronian, Levon"]
[Black "Anand, Viswanathan"]
[Result "0-1"]
[WhiteElo "2765"]
[BlackElo "2751"]
[EventDate "2022.??.??"]
[Annotator "Bojkov,Dejan"]
[PlyCount "48"]
[Beauty "8247029276188"]
[EventType "blitz"]

1.e4 e5 2.Bc4 {The Bishop’s Opening will soon transpose into a normal Italian.} 2...Nf6 3.d3 Bc5 4.Nf3 d6 5.O-O O-O 6.c3 Bb6 7.Nbd2 ( {White can also pin the enemy knight with} 7.Bg5 {but this move might backfire and leave the white bishop out of play for a while after h7-h6 and timely g7-g5. Still, White did well in the following encounter.} 7...h6 8.Bh4 Nbd7 9.Nbd2 Re8 10.Re1 Nf8 11.d4 Ng6 12.Bg3 Nh7 13.a4 a6 14.Bb3 Qf6 15.Nc4 Ba7 16.Ne3 {Fier,A (2573) -Jarmula,L (2434) Reykjavik 2022 ½-½} ) 7...c6 8.Bb3 Re8 9.Re1 Be6 {Probably the safest way to fight the Spanish (pardon me, Italian) bishop.} 10.Bc2 {If White wants to play for something, he needs to preserve this bishop.} 10...Nbd7 11.d4 $146 {A novelty $1 Aronian decided to show who is the big boss in the center.} ( {White preferred to maneuver further in the predecessor:} 11.h3 h6 12.d4 Qc7 13.Nf1 Nf8 14.Ng3 Ng6 15.Be3 Red8 16.Qc1 Qe7 17.a4 Bc7 18.a5 a6 19.Nf5 Bxf5 20.exf5 Nf8 21.dxe5 dxe5 22.Nd2 {Ermenkov,E (2465) -Stefanov,K (2376) Borovetz 2008 ½-½} ) 11...Bg4 {Anand has his own arguments. The pressure on the d4-square is unpleasant, to say at least.} 12.h3 Bh5 13.g4 {And, in order to secure the center, White needs to weaken his kingside.} 13...Bg6 14.dxe5 {Too risky.} ( {Instead Aronian suggested after the game that he should have continued with} 14.Nc4 {when something like} 14...exd4 15.Nxd6 Re6 16.Nf5 dxc3 17.bxc3 Nc5 {is indeed unclear.} ) 14...Nxe5 {The most direct approach. Black wants to prove that the opponent's kingside is too shabby.} ( {There is nothing wrong with} 14...dxe5 {but Anand's dynamic choice is even stronger.} ) 15.Nxe5 ( 15.Nd4 {\"was still not clear to me.\" (Anand) Then the former world champion intended to sacrifice a piece with} 15...d5 $1 {When} ( {There are a couple of other sacrifices available, like} 15...h5 $1 16.g5 Nh7 17.f4 Nxg5 18.fxg5 Qxg5+ 19.Kh2 Qf4+ 20.Kg2 Qg5+ {when Black has a perpetual check guaranteed, but hardly more.} ) ( {And perhaps the best one} 15...c5 $1 {looks dull, but in reality, Black wants to lure the enemy knight on the f5-square, thus safeguarding his own bishop from the possible f-pawn forks.} 16.Nf5 d5 17.f4 Bxf5 18.gxf5 Nd3 $1 19.Bxd3 c4+ {and Black looks better.} ) 16.f4 dxe4 17.fxe5 Bxd4+ 18.cxd4 Qxd4+ 19.Kh1 Qxe5 {indeed promises Black enough, with three pawns and an attack for the piece.} ) 15...Rxe5 {\"I do not see a defense for him.\" (Anand) The main threat is to break open the center with d6-d5.} 16.Nc4 {Now it is really bad.} ( {Aronain needed to try} 16.Kg2 {to which Anand planned} 16...d5 17.f4 Nxe4 ( {And, if he did not want to enter the main line, Black could have simply won a pawn for the exchange instead with} 17...Rxe4 18.Nxe4 Bxe4+ 19.Bxe4 Nxe4 {with compensation for the small material deficit.} ) 18.fxe5 Nf2 19.Qf3 Bxc2 {\"We both hallucinated here as we thought it is completely over (for White),\" stated Anand, but there is} 20.Rf1 $1 Nd3 21.Qxf7+ Kh8 22.Nf3 {and it is White who is actually much better. Anand explained the missed idea with the unusual nature of the combination, combined with the lack of the black bishop on the g6-square, which stood there for most of the time.} ) 16...Nxe4 $1 {Everything is hanging, but it is Black who is winning.} 17.Nxb6 ( {In case of} 17.Bxe4 {Black has a pleasant choice between the materialistic} 17...Rxe4 ( {and the attacking} 17...Bxf2+ 18.Kxf2 Qh4+ 19.Kg2 Rxe4 {with excellent winning chances in both cases.} ) 18.Nxb6 axb6 ) ( {And if} 17.Nxe5 {then Black can continue his decisive attack with extra material with} 17...Nxf2 18.Qe2 Qh4 19.Be3 Nxh3+ 20.Kg2 Bxc2 21.Qxc2 dxe5 ) 17...Nxf2 $3 {Simply crushing $1} ( {Even better than} 17...axb6 ) 18.Qd2 ( {Alas, there is no} 18.Kxf2 Qh4+ 19.Kf1 Bxc2 ) 18...Qxb6 {And the unleashed black knight cleared everything after} 19.Rxe5 Nxg4+ 20.Kg2 Nxe5 21.Bxg6 hxg6 22.Qxd6 Qb5 23.Qd1 Nd3 24.b3 Qd5+ {PLAY CHESS, NOT WAR.} 0-1

[Event "E Candidates Chess Tournament 2022"]
[Site "Chess.com"]
[Date "2022.06.18"]
[Round "2"]
[White "Nepomniachtchi, Ian"]
[Black "Caruana, Fabiano"]
[Result "1/2-1/2"]
[WhiteElo "2766"]
[BlackElo "2783"]
[EventDate "2022.??.??"]
[Annotator "samsh"]
[PlyCount "65"]
[Beauty "6532376830476"]
[EventType "schev"]
[EventRounds "4"]
[EventCountry "FID"]

1.e4 {Round two of the Candidates was a quieter affair than round one, though there were some missed chances. The most notable game was between Nepo and Caruana, since they had jumped out to an early lead by winning the previous day.} 1...e5 2.Nf3 Nc6 3.Bc4 Nf6 4.d3 Bc5 5.O-O d6 6.c3 a6 7.a4 Ba7 8.Re1 h6 9.Nbd2 g5 $5 {The first surprise. This move is far from unheard of and has been played dozens of times, including a Magnus game, but it was not supposed to have the best reputation as of late. I have noticed that in the last couple years, Caruana has been more willing to play somewhat shakier looking lines with the Black pieces for practical value, and this game it nearly paid dividends.} ( 9...O-O {Of course this is the main move, though I also quite like Be6.} ) ( 9...Be6 $5 {This was almost a novelty before I dumped it on MVL and got a better position with Black. I ultimately lost the game anyway, but it has become a hot trend as of late.} ) 10.b4 Ng4 {In general, Nh7 is considered to be best, but I can't imagine Caruana going for this line if he did not have some new idea to change the current state of theory.} 11.Re2 Qf6 12.Qe1 Qg7 13.Nf1 O-O 14.Ng3 Ne7 {Up to here, Nepo has been playing the best moves, including the odd-looking Qe1. I suspect he was still in preparation. Now though, the machine evaluations start to drop, and Black's position looks more playable.} 15.d4 $5 {Of course this is the most principled, but it also involves a fair amount of risk.} ( 15.Bb3 {My computer suggests this calm move might be enough for a slight edge. I'm not sure I buy it.} ) 15...exd4 16.cxd4 $2 {Funnily enough, this incredibly natural and obvious recapture seems to be a mistake! White will lose his d-pawn anyway, and it would have been better to get the bishop to b2 directly.} ( 16.Bb2 $1 Nc6 17.Rc1 $1 {White slowly plays prophylaxis against any knight coming to e5 by overprotecting the c4-bishop, and the rook will be generally useful on the c-file. It feels a bit inhuman to play chess like this, but it should be best.} ) 16...Nc6 $1 {White will lose d4 and will have to show his compensation. It should be there, but something in Nepo's play in the coming moves left a bit to be desired.} 17.Ra3 Nxd4 18.Nxd4 Bxd4 19.h3 Ne5 20.Ba2 c5 21.bxc5 Bxc5 22.Rb3 b5 {All of the last moves have been very logical. Either side probably could have deviated with any number of reasonable alternatives, but I have nothing major to say about this past phase. What comes next though is where things get interesting.} 23.Nf5 $2 {One of my helpers recently told me that absolutely everyone in the world apart from Magnus constantly misevaluates the consequences of piece exchanges. I thought he was being a bit harsh at the time, but games like this make me wonder if he has a point. The last two world championship challengers both constantly made the wrong calls about what piece exchanges would be favorable.} 23...Qf6 $6 ( 23...Bxf5 $1 {Black absolutely should get rid of this knight.} 24.exf5 bxa4 $17 {White does not have enough attacking pieces, and Black looks safe enough.} ) 24.Kh2 ( 24.h4 $1 {The machine is not too enthusiastic about this, but I think Nepo could have tried tearing open the king a bit more forcefully. This feels more thematic than playing for f4, which is the only point I can dream up behind Kh2.} ) 24...bxa4 25.Rg3 Kh7 ( 25...Bxf5 $1 {Again, this was very strong.} ) 26.Qd1 Bd7 ( 26...Bxf5 $1 ) 27.Rc2 Bxf5 $1 {Finally.} 28.exf5 Rab8 29.Qh5 Rg8 30.Bb2 Rge8 31.Bc1 Rg8 32.Bb2 {Now, Caruana repeated moves here, missing his chance. It was not easy, but it was there.} 32...Rge8 ( 32...Rxb2 $1 {This would have won but only with a precise sequence. Again, making the right exchanges...} 33.Rxb2 a3 $1 34.Rb7 Bxf2 35.Rxa3 {I'm sure Caruana saw the line to here and probably stopped, thinking he is losing control and should make the draw instead. Black needs one more good move.} 35...d5 $1 {This move does it all. It cuts off the a2-bishop, defends a6, it is safe from capture due to Qd6, and otherwise Qc6 is on the way. Black should win.} 36.Bxd5 Qd6 $1 $19 ) 33.Bc1 1/2-1/2

[Event "E Candidates Chess Tournament 2022"]
[Site "Chess.com"]
[Date "2022.06.22"]
[Round "5"]
[White "Caruana, Fabiano"]
[Black "Rapport, Richard"]
[Result "1/2-1/2"]
[WhiteElo "2783"]
[BlackElo "2764"]
[EventDate "2022.??.??"]
[Annotator "samsh"]
[PlyCount "47"]
[Beauty "6600156777549"]
[EventType "schev"]
[EventRounds "4"]
[EventCountry "FID"]

{The fifth round of the Candidates saw all draws again, but with a lot of missed chances. Ding is clearly very strong and very off form-this is really the only explanation for a guy who is coming better prepared than everyone, getting good positions, chances to win, and then squandering them. Even though he is on a minus-one score, I could easily see him staging a comeback if he can start cashing in when those moments come. In what was a painful game for me to witness, Hikaru also let some chances slip today against the leader, and a win against Nepo would have blown the standings wide open. But, for today's game, I'll be covering an interesting Sicilian between Caruana and Rapport.} 
1.e4 c5 2.Nf3 e6 3.d4 cxd4 4.Nxd4 Nc6 5.Nc3 a6 $5 {The first surprising move. Rapport has always preferred Qc7 here in the past, which is far and away the main move in modern times.} 6.g4 {Bold, but probably not best. Caruana's time management suggested that he hadn't checked 5...a6 much.} ( 6.Nxc6 {This has to be the critical line. I've never really believed Black is equalizing here, but Rapport probably had some ideas. He seems to be doing his homework pretty well here.} ) 6...Nge7 7.Be3 b5 8.Nb3 Na5 {Rapport was still playing pretty fast at this point, but we are already well outside of normal theory. This position had only been seen once before, in an Ulf Andersson game from 2000.} 9.Qd2 ( 9.h4 {If White has already pushed g4, it feels consistent to continue with the kingside pawn advances. Black's position optically looks fine to me, but the machine does claim White is a little better.} ) 9...Nxb3 $6 {This feels unnecessary to me. The knight on b3 was not going anywhere, so did we need to take it right away $2 It means White no longer has to ever worry about Nc4 and can put the bishop on g2 more comfortably.} ( 9...Bb7 {This would be my choice. I guess Rapport was worried about} 10.Nc5 {But Black seems happy enough after} 10...Bc6 ) 10.axb3 Bb7 11.Bg2 ( 11.f3 {This move feels more consistent with the English Attack setup that Caruana is playing. I presume he disliked d5 here, as otherwise I can't see much reason to put the bishop on g2.} 11...d5 12.O-O-O $1 dxe4 13.Qf2 $1 {White still has some pressure.} ) 11...Ng6 12.Rf1 {This weird-looking move has clear merit. The bishop can hide on h1 after Nh4, White is ready for f4-f5 later, and he can still castle long.} 12...Bc6 13.g5 $6 ( 13.f4 $1 {It's always easy to sacrifice other people's pawns, especially when the computer tells you to.} 13...Qh4+ 14.Rf2 Qxg4 15.Bf3 Qh4 16.O-O-O {Apparently White is better here despite the pawn less. I would not necessarily have come to that conclusion without the engine running, since Black still looks pretty solid.} ) 13...a5 $1 {It turns out White's king will have nowhere safe to hide. Already Black is a bit better.} 14.f4 a4 $1 15.Rd1 Bb4 {Not a bad move by any stretch. The machine gives Black a slight edge after a lot of continuations, but one in particular stands out most to me.} ( 15...axb3 $5 16.cxb3 Nh4 $1 17.Bh1 h6 $1 {This looks really unpleasant for White to me.} ) 16.Qd4 Qa5 {This forces a draw.} ( 16...Bxc3+ $5 {Black could have continued the game.} 17.Qxc3 O-O $15 {It's a very unusual position and a hard one to evaluate, and I can understand why Rapport might not have been too confident in his chances here. With the computer running it's easy to criticize him for not going for it, but he is a human being after all.} ) 17.Qxg7 a3 18.Kf2 axb2 19.Ne2 e5 $1 {White's queen is cut off and will be hit with a perpetual.} 20.f5 Bf8 21.Qf6 Be7 22.Qg7 Bf8 23.Qf6 Be7 24.Qg7 {A short but interesting game $1} 1/2-1/2